00345nam a2200133Ia 4500008004100000041000800041082001400049100001400063245004500077250001400122260003300136300003100169365001100200240624s9999 xx 000 0 und d aeng a658.3 RAO aRAO V S P aHUMAN RESOURCE MANAGEMENT TEXT AND CASES a(2nd ed.) c2004aNew DelhibExcel Books axvi, : 709 : p. : cm. ; 28 cRSb30